000 01355nab a22002297a 4500
999 _c5861
_d5861
003 OSt
005 20260108224715.0
008 190514b xxu||||| |||| 00| 0 spa d
040 _cPJ
100 _95059
_aNotrica, Federico Pablo
245 1 0 _aBalance, consolidación y desafíos en alimentos a los/as hijos/as /
_cFederico P. Notrica, Patricio J. Curti.
300 _ap. 232-245
505 _aSumario: I. Los alimentos desde las perspectivas de niñez y de géneros: una primera década con victorias y derrotas, aunque con revanchas.— II. Los alimentos derivados de la responsabilidad parental.— III. Alimentos al hijo/a con discapacidad.— IV. Obligación alimentaria entre parientes y un supuesto novedoso de creación jurisprudencial.— V. El índice de crianza: una política pública en cruce con las tareas de cuidado.— VI. Medidas para asegurar el cumplimiento: efectividad con razonabilidad.— VII. Cierre.
505 _tSi te interesa el texto, comunicate a koha@justierradelfuego.gov.ar
650 0 _91497
_aCODIGO CIVIL Y COMERCIAL
650 0 _9967
_aDERECHO DE FAMILIA
650 0 _9968
_aALIMENTOS
650 0 _91074
_aOBLIGACION ALIMENTARIA
700 _95661
_aCurti, Patricio J.
_ecoautor
773 0 _02844
_93222
_dBuenos Aires : AbeledoPerrot, 1989-
_tDerecho de familia. N° 120 - Julio 2025
_z18511201
942 _2udc
_cANA